Alle Millionenstädte Nordamerikas - Statistiken

Allgemein
  • Dieses Quiz wurde 65 mal gespielt
  • Das Durchschnittsergebnis liegt bei 40 aus 91
Antwortstatistiken
Land Einwohner Stadt % Korrekt
USA 19.768.000 New York City
98%
USA 18.644.000 Los Angeles
96%
MEX 22.180.000 Mexiko-Stadt
95%
USA 8.092.000 Boston
93%
USA 7.265.000 San Francisco
93%
USA 9.429.000 Chicago
91%
CAN 6.712.000 Toronto
91%
USA 6.330.000 Miami
89%
USA 7.510.000 Houston
82%
USA 4.015.000 Seattle
82%
USA 6.307.000 Atlanta
80%
USA 8.034.000 Dallas
78%
USA 3.005.000 Denver
78%
CAN 3.021.000 Vancouver
78%
CUB 2.163.000 Havanna
76%
USA 6.102.000 Philadelphia
76%
USA 6.372.000 Washington, D.C.
76%
USA 4.338.000 Detroit
75%
USA 2.329.000 Las Vegas
73%
CAN 1.488.000 Ottawa
73%
PAN 2.217.000 Panama-Stadt
73%
USA 2.352.000 Austin
69%
CAN 4.291.000 Montreal
67%
USA 1.269.000 New Orleans
67%
USA 3.276.000 San Diego
67%
USA 5.039.000 Phoenix
65%
GTM 3.305.000 Guatemala-Stadt
64%
USA 2.818.000 Orlando
55%
USA 2.657.000 San Antonio
55%
CRI 1.863.000 San José
55%
USA 2.192.000 Kansas City
53%
HTI 2.759.000 Port-au-Prince
53%
USA 3.690.000 Minneapolis
51%
DOM 3.172.000 Santo Domingo
51%
USA 2.115.000 Indianapolis
49%
USA 1.727.000 Jacksonville
49%
USA 2.512.000 Portland
49%
USA 2.345.000 Sacramento
49%
CAN 1.681.000 Calgary
47%
MEX 5.292.000 Guadalajara
47%
USA 1.287.000 Salt Lake City
47%
CAN 1.568.000 Edmonton
45%
USA 2.157.000 Nashville
45%
USA 1.486.000 Oklahoma City
45%
USA 1.337.000 Memphis
44%
SLV 1.114.000 San Salvador
44%
USA 3.229.000 Tampa
44%
USA 2.856.000 Baltimore
42%
USA 2.063.000 Cleveland
42%
USA 2.265.000 Cincinnati
40%
USA 2.805.000 Charlotte
38%
USA 1.563.000 Milwaukee
38%
USA 2.367.000 Pittsburgh
38%
USA 2.160.000 Columbus
36%
NIC 1.580.000 Managua
36%
USA 1.325.000 Louisville
33%
MEX 5.341.000 Monterrey
33%
USA 2.809.000 St. Louis
33%
MEX 2.230.000 Tijuana
33%
PRI 2.237.000 San Juan
29%
HND 1.607.000 Tegucigalpa
27%
USA 1.787.000 Virginia Beach
27%
USA 1.139.000 Buffalo
25%
USA 2.452.000 Raleigh
25%
USA 1.065.000 Tucson
25%
MEX 3.210.000 Puebla
24%
MEX 1.510.000 Ciudad Juárez
22%
USA 1.382.000 Fresno
22%
USA 1.034.000 Tulsa
22%
USA 1.166.000 Birmingham
16%
MEX 2.140.000 León
16%
USA 1.309.000 Richmond
16%
USA 1.690.000 Providence
15%
MEX 2.580.000 Toluca
15%
USA 1.215.000 Hartford
11%
MEX 1.280.000 Mérida
11%
MEX 1.240.000 San Luis Potosí
11%
CUB 1.048.000 Santiago de Cuba
11%
USA 1.735.000 Greensboro
9%
MEX 1.070.000 Mexicali
9%
USA 1.056.000 Rochester
7%
HND 1.540.000 San Pedro Sula
7%
MEX 1.560.000 Santiago de Querétaro
7%
MEX 1.275.000 Aguascalientes
5%
USA 1.266.000 Cape Coral
5%
USA 1.086.000 Grand Rapids
5%
MEX 1.073.000 Saltillo
5%
DOM 1.562.000 Santiago de los Caballeros
4%
MEX 1.530.000 Torreón
4%
MEX 1.080.000 Cuernavaca
2%
MEX 1.050.000 Culiacán
2%
Keine übereinstimmenden Quizze gefunden
Verteilung der Resultate
Anzahl Personen mit jedem Resultat
Perzentil nach korrekt beantworteten Fragen
Ihre Resultats-Entwicklung
Sie haben dieses Quiz noch nicht gespielt